[Event "Reykjavik op"]
[Site "Reykjavik"]
[Date "2023.04.03"]
[Round "8"]
[White "Heller, Stefan"]
[Black "Hald, Morten Hansen"]
[Result "1/2-1/2"]
[WhiteElo "1451"]
[BlackElo "1687"]
[PlyCount "61"]
[EventDate "2023.03.29"]
[EventType "swiss"]
[EventRounds "9"]
[EventCountry "ISL"]
[SourceTitle "EXT 2024"]
[Source "ChessBase"]
[SourceDate "2023.10.10"]
[SourceVersion "1"]
[SourceVersionDate "2023.10.10"]
[SourceQuality "1"]

1. e4 Nc6 2. Nf3 e5 3. Bc4 Nf6 4. Ng5 d5 5. exd5 b5 6. Bf1 Qxd5 7. Nc3 Qc5 8. Bxb5 Bd7 9. d3 h6 10. Nge4 Nxe4 11. dxe4 Bd6 12. 0-0 Nd4 13. Bxd7+ Kxd7 14. Be3 g5 15. Bxd4 exd4 16. Nd5 Be5 17. b4 Qd6 18. g3 c6 19. f4 gxf4 20. Nxf4 Rhg8 21. Nh5 f6 22. Kh1 Rg5 23. Qf3 Ke7 24. a3 Rf8 25. Rad1 Qe6 26. Nf4 Qf7 27. Nh3 Rg6 28. Nf4 Rg5 29. Nh3 Rg6 30. Nf4 Rg5 31. Nh3 1/2-1/2